Medical biostatistics

Shranjeno v:
Bibliografske podrobnosti
Glavni avtor: Iacobas, Andrei Dumitru (Author)
Format: Knjiga
Jezik:angleščina
Izdano: Bucarest Bucura Mond 1997
Izdaja:3a. ed
Teme:
Oznake: Označite
Brez oznak, prvi označite!

MARC

LEADER 00000nam a2200000 a 4500
001 UCN7734
003 CL-VaPUC
008 011026e19970000RM |||||||||||||||||eng|d
082 0 4 |a 570.15195  |b IAC  |2 21 
100 0 |a Iacobas, Andrei Dumitru  |e author  |9 463774 
245 1 0 |a Medical biostatistics 
250 |a 3a. ed 
300 |a 211 p 
942 |c BK 
945 |d 20011026 00:00:00  |a cmena 
260 |a Bucarest  |b Bucura Mond  |c 1997 
650 0 |a Bioestadística  |9 261187 
650 0 |a Estadística matemática  |9 260028 
650 0 |a Estadística aplicada  |9 270522 
650 7 |a CIENCIAS MEDICAS  |2 CL-VaPUC  |9 337221 
583 |a last modification  |c 20180327 04:17:28  |k Rodrigo Vera 
999 |c 297944  |d 297942 
952 |0 0  |1 0  |4 0  |6 570_151950000000000_IAC_1997  |7 0  |8 A  |9 353002  |a BIBMAT  |b BIBMAT  |d 2019-11-21  |i 3697126  |o 570.15195 IAC 1997  |p 3697126  |r 2025-01-07  |w 2019-11-21  |y BK  |k MAT 
952 |0 0  |1 0  |4 0  |6 570_151950000000000_IAC_1997  |7 0  |8 A  |9 353003  |a BIBMAT  |b BIBMAT  |d 2019-11-21  |i 3697134  |o 570.15195 IAC 1997  |p 3697134  |r 2025-01-07  |w 2019-11-21  |y BK  |k MAT 
952 |0 0  |1 0  |4 0  |6 570_151950000000000_IAC_1997  |7 0  |8 A  |9 353004  |a BIBMAT  |b BIBMAT  |d 2019-11-21  |i 3916677  |o 570.15195 IAC 1997  |p 3916677  |r 2025-01-07  |w 2019-11-21  |y BK  |k MAT